| 000 | 00471nam a22001817a 4500 | ||
|---|---|---|---|
| 003 | MPLRDC | ||
| 005 | 20220104125737.0 | ||
| 008 | 210129b ||||| |||| 00| 0 eng d | ||
| 020 | _a7-5017-1692-7 | ||
| 082 | _a496.5 KTL | ||
| 100 | _a菲力浦. 柯特勒等著; 蒋涛、莫凡编译 | ||
| 245 |
_a超一流的行销战略战术 _c |
||
| 250 | _a一版一刷 | ||
| 260 |
_a _b中国经济出版社 _c1992 |
||
| 300 | _b平 | ||
| 650 | _a | ||
| 942 |
_cBK _o496.5 KTL |
||
| 999 |
_c29796 _d29786 |
||